| 000 | 00668nam a2200181Ia 4500 | ||
|---|---|---|---|
| 003 | GCL | ||
| 008 | 140319s9999 xx 000 0 ara d | ||
| 040 |
_aGCL / _cGCL |
||
| 082 | 0 | 4 |
_a155.4 _bم ن |
| 100 | 1 | _aمحمود فتحى عكاشة | |
| 245 | 1 | 0 |
_aتقدير الذات وعلاقته ببعض المتغيرات البيئية والشخصية لدى عينة من اطفال صنعاء / _cمحمود فتحى عكاشة |
| 300 | _a31 | ||
| 490 |
_aالجمعية الكويتية لتقدم الطفولة _v0 |
||
| 650 | 0 | 4 | _aعلم النفس |
| 650 | 0 | 4 | _aعلم نفس الطفل |
| 650 | 0 | 4 | _aصنعاء - علم نفس الطفل |
| 942 |
_2ddc _cBK |
||
| 999 |
_c46363 _d46363 |
||